000 nam a22 7a 4500
999 _c7515
_d7515
008 170920b xxu||||| |||| 00| 0 eng d
100 _aBerger Carl F
_94043
245 _aScience
260 _aUnited states of America
_bHoughton Mifflin Company
_c1979